Treuerabatte im Wettbewerbsrecht

Gespeichert in:
Bibliographische Detailangaben
1. Verfasser: Funta, Rastislav
Körperschaft: Vysoká škola Danubius. Právnická fakulta
Format: Buch
Sprache:Deutsch
Veröffentlicht: Brno MSD 2017
Ausgabe:1. Aufl.
Schlagworte:
Tags: Tag hinzufügen
Keine Tags, Fügen Sie das erste Tag hinzu!

MARC

LEADER 00000nam a2200000 4500
001 0239852
005 20250509105332.4
020 |a 978-80-7392-277-1 
041 0 |a ger 
044 |a CZ 
245 1 0 |a Treuerabatte im Wettbewerbsrecht  |c Rastislav Funta 
250 |a 1. Aufl. 
264 1 |a Brno  |b MSD  |c 2017 
300 |a 130 s. 
610 2 0 |a právo európske 
610 2 0 |a právo medzinárodné 
610 2 0 |a zľavy obchodné 
610 2 0 |a rabat 
610 2 0 |a analýza ekonomická 
610 2 0 |a boj konkurenčný 
610 2 0 |a tvorba cien 
610 2 0 |a zákazníci 
610 2 0 |a porovnanie medzinárodné 
610 2 0 |a súdy 
610 2 0 |a Európska únia 
610 2 0 |a USA 
100 1 |a Funta, Rastislav 
710 2 |a Vysoká škola Danubius. Právnická fakulta